| Tag |
First Indicator |
Second Indicator |
Subfields |
| LEADER |
00000cam a2200000 i 4500 |
| 001 |
in00000036714 |
| 005 |
20151007062208.0 |
| 008 |
791023s1978 sp a b 00010 spa |
| 010 |
|
|
|a 79369603
|
| 015 |
|
|
|a Sp78-Nov
|
| 020 |
|
|
|a 8440050348 :
|c 150ptas
|
| 035 |
|
|
|a (OCoLC)05681282
|
| 035 |
|
|
|9 AAD4187AM
|
| 040 |
|
|
|a DLC
|c DLC
|d TXA
|d UtOrBLW
|
| 049 |
|
|
|a TXAM
|c [1192228]
|
| 050 |
0 |
0 |
|a PQ6652.L315
|b L37
|
| 082 |
0 |
|
|a 863/.6/4
|
| 100 |
1 |
|
|a Blanquer, Daniel,
|d 1956-
|
| 245 |
1 |
0 |
|a Larra :
|b autopsia de un suicidio : ensayo poetico /
|c [por] Daniel Blanquer.
|
| 250 |
|
|
|a 1st ed.
|
| 264 |
|
1 |
|a [Alicante] :
|b El autor,
|c 1978.
|
| 300 |
|
|
|a 46 pages :
|b illustrations ;
|c 19 cm.
|
| 336 |
|
|
|a text
|b txt
|2 rdacontent
|
| 337 |
|
|
|a unmediated
|b n
|2 rdamedia
|
| 338 |
|
|
|a volume
|b nc
|2 rdacarrier
|
| 504 |
|
|
|a Includes bibliographical references.
|
| 600 |
1 |
0 |
|a Larra, Mariano José de,
|d 1809-1837.
|k in fiction, drama, poetry, etc.
|
| 999 |
|
|
|a MARS
|
| 999 |
f |
f |
|s 319e88f3-b155-30c1-8664-0a2668461ee5
|i cc7b62b1-dabd-3d08-9cf9-787210d4f8a2
|t 0
|
| 952 |
f |
f |
|p ric
|a Texas A&M University
|b Rellis Campus
|c Joint Library Facility
|d Remote Storage
|t 0
|e PQ6652.L315 L37
|h Library of Congress classification
|i unmediated -- volume
|m A14803821525
|
| 998 |
f |
f |
|a PQ6652.L315 L37
|t 0
|l Remote Storage
|